El catecismo del Santo Evangelio de Jesucristo explicado, precedido de nociones fundamentales de religión, para la enseñanza e instruccion de la juventud de ambos sexos ... / (Record no. 165597)

MARC details
000 -LEADER
campo de control de longitud fija 00713nam a22001815i 4500
001 - NÚMERO DE CONTROL
campo de control 165597
003 - IDENTIFICADOR DE NÚMERO DE CONTROL
campo de control ES-MaACL
005 - FECHA Y HORA DE LA ÚLTIMA TRANSACCIÓN
campo de control 20230906213154.0
008 - DATOS DE LONGITUD FIJA--INFORMACIÓN GENERAL
campo de control de longitud fija 940301s1854 sp |||| | spa d
040 ## - FUENTE DE CATALOGACIÓN
Centro catalogador/agencia de origen AS
Lengua de catalogación spa
100 1# - ENTRADA PRINCIPAL--NOMBRE DE PERSONA
Nombre de persona Sotorra y Figueras, Juan.
9 (RLIN) 132846
245 13 - MENCIÓN DEL TÍTULO
Título El catecismo del Santo Evangelio de Jesucristo explicado, precedido de nociones fundamentales de religión, para la enseñanza e instruccion de la juventud de ambos sexos ... /
Mención de responsabilidad, etc. por Juan Sotorra.
260 ## - PUBLICACIÓN, DISTRIBUCIÓN, ETC.
Lugar de publicación, distribución, etc. Madrid :
Nombre del editor, distribuidor, etc. [s.n.],
Fecha de publicación, distribución, etc. 1854 (
Fabricante Imprenta de la Viuda de Yenes)
300 ## - DESCRIPCIÓN FÍSICA
Extensión 358 p. ;
Dimensiones 16 cm.
597 ## - NOTA DE DESCRIPCIÓN FÍSICA
NOTA DE DESCRIPCIÓN FÍSICA Texto a dos tintas.
630 #0 - PUNTO DE ACCESO ADICIONAL DE MATERIA--TÍTULO UNIFORME
Título uniforme Biblia.
Nombre de parte o sección de la obra N.T.
-- Evangelios.
9 (RLIN) 119301
852 ## - LOCALIZACIÓN
Ubicación ES-MaACL
Número de control de estantería D-473
Nota libre -- Enc. hol.
Holdings
Estatus retirado Estado de pérdida Estado de daño No para préstamo Colección Biblioteca de origen Biblioteca actual Ubicación en estantería Fecha de adquisición Fuente de adquisición Total de préstamos Signatura topográfica completa Código de barras Visto por última vez Precio de reemplazo Tipo de ítem Koha
        Libros del s. XIX Biblioteca del Ateneo de Madrid Biblioteca del Ateneo de Madrid Sala Valle Inclán 17/01/2008     D-473 901173664 23/02/2023 23/02/2023 Libro impreso antiguo